The World Trade Organisation, agriculture and sustainable development

Bibliographic Details
Corporate Author: ProQuest (Firm)
Other Authors: Wohlmeyer, Heinrich., Quendler, Theodor., Paschen, Renee von., Katschinka, Liese.
Format: Electronic eBook
Language:English
German
Published: Sheffield, South Yorkshire [England] : Greenleaf Pub., 2002.
Subjects:
Online Access:Click to View
LEADER 01986nam a2200433 a 4500
001 EBC1741773
003 MiAaPQ
005 20200520144314.0
006 m o d |
007 cr cn|||||||||
008 130213s2002 enkd sb 000 0 eng d
020 |z 1874719454 
020 |z 9781874719458 
020 |a 9781909493247 (electronic bk.) 
035 |a (MiAaPQ)EBC1741773 
035 |a (Au-PeEL)EBL1741773 
035 |a (CaPaEBR)ebr10650126 
035 |a (OCoLC)647542356 
040 |a MiAaPQ  |c MiAaPQ  |d MiAaPQ 
041 1 |a eng  |h ger 
050 4 |a HD1428  |b .W67 2002 
082 0 4 |a 338.9  |2 23 
245 0 4 |a The World Trade Organisation, agriculture and sustainable development  |h [electronic resource] /  |c edited by Heinrich Wohlmeyer and Theodor Quendler. 
260 |a Sheffield, South Yorkshire [England] :  |b Greenleaf Pub.,  |c 2002. 
300 |a 164 p. :  |b ill. 
504 |a Includes bibliographical references. 
505 0 |a section 1. The current performance of the world trade system and the World Trade Organisation -- section 2. The theory of international trade -- section 3. International trade : agricultural and environmental aspects -- section 4. Theoretical propositions for harmonising sustainable agriculture and free trade. 
533 |a Electronic reproduction. Ann Arbor, MI : ProQuest, 2015. Available via World Wide Web. Access may be limited to ProQuest affiliated libraries. 
546 |a The majority of the text in this book was translated from the original German into English by Renee von Paschen and Liese Katschinka. 
610 2 0 |a World Trade Organization. 
650 0 |a Sustainable development. 
650 0 |a Agriculture  |x Economic aspects. 
655 4 |a Electronic books. 
700 1 |a Wohlmeyer, Heinrich. 
700 1 |a Quendler, Theodor. 
700 1 |a Paschen, Renee von. 
700 1 |a Katschinka, Liese. 
710 2 |a ProQuest (Firm) 
856 4 0 |u https://ebookcentral.proquest.com/lib/matrademy/detail.action?docID=1741773  |z Click to View